000 00301nam a22001337a 4500
008 170609b xxu||||| |||| 00| 0 eng d
020 _a0385063040
041 _aeng
080 _a327
100 _a19
101 _aSHP
245 _aSOCIETY AND DEMOCRACY IN GERMANY
_cDAHRENDORF,R
942 _2udc
_cBK
999 _c16761
_d16761